El zurdo y su mundo

Збережено в:
Бібліографічні деталі
Автор: Wernicke, Carlos (Автор)
Формат: Книга
Мова:Іспанська
Опубліковано: Buenos Aires Médica Panamericana 1975
Предмети:
Теги: Додати тег
Немає тегів, Будьте першим, хто поставить тег для цього запису!

MARC

LEADER 00000nam a2200000 a 4500
001 UCY8856
003 CL-VaPUC
008 950707e19750000AG |||||||||||||||||spa|d
082 0 4 |a 371.91  |b WER  |2 21 
100 0 |a Wernicke, Carlos  |e author  |9 340587 
245 1 3 |a El zurdo y su mundo 
300 |a 76 p 
942 |c BK 
945 |d 19950707 00:00:00  |a mfernand 
260 |a Buenos Aires  |b Médica Panamericana  |c 1975 
650 0 |a Zurdera  |9 334204 
650 0 |a Zurdo  |9 340588 
650 7 |a LATERALIDAD  |2 CL-VaPUC  |9 340589 
650 7 |a DESTREZA MANUAL  |2 CL-VaPUC  |9 340590 
650 0 |a Trastornos del aprendizaje  |9 307969 
650 0 |a Niños  |9 255605 
650 0 |a Educación especial  |9 307486 
583 |a last modification  |c 19950707 00:00:00  |k Rodrigo Vera 
999 |c 236043  |d 236041 
952 |0 0  |1 0  |4 0  |6 371_910000000000000_WER_1975  |7 0  |8 P  |9 243860  |a BIBEDU  |b BIBEDU  |c BIBEDU_PB  |d 2019-11-18  |i 1530372  |o 371.91 WER 1975  |p 1530372  |r 2024-01-25  |w 2019-11-18  |y BK  |k EDU